Tuesdays with Morrie (Record no. 38138)

MARC details
000 -LEADER
fixed length control field 01488nam a22001817a 4500
020 ## - INTERNATIONAL STANDARD BOOK NUMBER
ISBN 978-0751527377
082 ## - DEWEY DECIMAL CLASSIFICATION NUMBER
Classification number 823 MIC
100 ## - MAIN ENTRY--AUTHOR NAME
Personal name Mitch Albom
245 ## - TITLE STATEMENT
Title Tuesdays with Morrie
250 ## - EDITION STATEMENT
Edition statement 1
260 ## - PUBLICATION, DISTRIBUTION, ETC. (IMPRINT)
Name of publisher Sphere
Place of publication United States
Year of publication 2017
300 ## - PHYSICAL DESCRIPTION
Number of Pages Paperback ‏ : ‎ 208 pages
Other physical details Item Weight ‏ : ‎ 430 g Dimensions ‏ : ‎ 18 x 1.5 x 13 cm Net Quantity ‏ : ‎ 500.00 Grams
520 ## - SUMMARY, ETC.
Summary, etc Maybe it was a grandparent, or a teacher or a colleague. Someone older, patient and wise, who understood you when you were young and searching, and gave you sound advice to help you make your way through it. For Mitch Albom, that person was Morrie Schwartz, his college professor from nearly twenty years ago.<br/><br/>Maybe, like Mitch, you lost track of this mentor as you made your way, and the insights faded. Wouldn't you like to see that person again, ask the bigger questions that still haunt you? Mitch Albom had that second chance. He rediscovered Morrie in the last months of the older man's life. Knowing he was dying of ALS - or motor neurone disease - MItch visited Morrie in his study every Tuesday, just as they used to back in college. Their rekindled relationship turned into one final 'class': lessons in how to live.<br/><br/>TUESDAYS WITH MORRIE is a magical chronicle of their time together, through which Mitch shares Morrie's lasting gift with the world.
546 ## - LANGUAGE NOTE
Language note Language ‏ : ‎ English
650 ## - SUBJECT ADDED ENTRY--TOPICAL TERM
Topical Term GEN
942 ## - ADDED ENTRY ELEMENTS (KOHA)
Koha item type Text Book
952 ## - LOCATION AND ITEM INFORMATION (KOHA)
Damaged status
Not for loan
Holdings
Withdrawn status Collection code Permanent Location Current Location Date acquired Source of acquisition Cost, normal purchase price Inventory number Full call number Accession Number Price effective from Koha item type
  GENERAL VAST Central Library VAST Central Library 28/11/2025 Minerva Books 299.00 90 823 MIC 38284 22/12/2025 Text Book